Exposición Antológica de Artistas Premiados, 1957-1970 : (Record no. 61590)

MARC details
000 -LEADER
campo de control de longitud fija 01449nam a2200337 i 4500
001 - NÚMERO DE CONTROL
campo de control 61590
003 - IDENTIFICADOR DE NÚMERO DE CONTROL
campo de control ES-MaACL
005 - FECHA Y HORA DE LA ÚLTIMA TRANSACCIÓN
campo de control 20250824063034.0
007 - CAMPO FIJO DE DESCRIPCIÓN FÍSICA--INFORMACIÓN GENERAL
campo de control de longitud fija t|
008 - DATOS DE LONGITUD FIJA--INFORMACIÓN GENERAL
campo de control de longitud fija 031112e1970 sp a||||rc s00110dspa
017 ## - NÚMERO DE COPYRIGHT O DE DEPÓSITO LEGAL
Número de copyright o de depósito legal GR 300-1970
Agencia que asigna Oficina Depósito Legal Granada
040 ## - FUENTE DE CATALOGACIÓN
Centro/agencia transcriptor ES-MaACL
080 ## - NÚMERO DE LA CLASIFICACIÓN DECIMAL UNIVERSAL
Número de la Clasificación Decimal Universal 75(460):061.43(460.357 G.)"1970"
080 ## - NÚMERO DE LA CLASIFICACIÓN DECIMAL UNIVERSAL
Número de la Clasificación Decimal Universal 73(460):061.43(460.357 G.)"1970"
080 ## - NÚMERO DE LA CLASIFICACIÓN DECIMAL UNIVERSAL
Número de la Clasificación Decimal Universal 76(460):061.43(460.357 G.)"1970"
111 2# - ENTRADA PRINCIPAL--NOMBRE DE CONGRESO/REUNIÓN
Nombre de congreso/reunión o jurisdicción como elemento de entrada Exposición Antológica de Artistas Premiados
Fecha del congreso o de la firma del tratado (1970.
Sede del congreso/Lugar de la reunión Madrid)
9 (RLIN) 242005
245 00 - MENCIÓN DEL TÍTULO
Título Exposición Antológica de Artistas Premiados, 1957-1970 :
Resto del título pintura, escultura, grabado, Madrid, octubre 1970
260 ## - PUBLICACIÓN, DISTRIBUCIÓN, ETC.
Lugar de publicación, distribución, etc. [Granada :
Nombre del editor, distribuidor, etc. s.n.,
Fecha de publicación, distribución, etc. 1970]
300 ## - DESCRIPCIÓN FÍSICA
Extensión 52 hojas :
Otras características físicas ilustraciones ;
Dimensiones 25 cm
594 ## - NOTA AL TITULO Y MENCION DE RESPONSABILIDAD
Nota al título y mención de responsabilidad Precede al título: Ministerio de Educación y Ciencia. Dirección General de Bellas Artes. Comisaría de Exposiciones. Fundación Rodríguez-Acosta
650 #4 - PUNTO DE ACCESO ADICIONAL DE MATERIA--TÉRMINO DE MATERIA
Término de materia o nombre geográfico como elemento de entrada Pintura española-
Subdivisión cronológica S.XX-
Subdivisión de forma Exposiciones
9 (RLIN) 16043
650 #4 - PUNTO DE ACCESO ADICIONAL DE MATERIA--TÉRMINO DE MATERIA
Término de materia o nombre geográfico como elemento de entrada Escultura española-
Subdivisión cronológica S.XX-
Subdivisión de forma Exposiciones
9 (RLIN) 12438
650 #4 - PUNTO DE ACCESO ADICIONAL DE MATERIA--TÉRMINO DE MATERIA
Término de materia o nombre geográfico como elemento de entrada Grabado español-
Subdivisión cronológica S.XX-
Subdivisión de forma Exposiciones
9 (RLIN) 162661
655 #7 - TERMINO DE INDIZACIÓN--GENERO/FORMA
Datos o término principal de género/forma Catálogos de exposiciones
Fuente del término tgfbne
9 (RLIN) 193628
710 1# - ENTRADA AGREGADA--NOMBRE DE ENTIDAD CORPORATIVA
Nombre de entidad corporativa o nombre de jurisdicción como elemento de entrada España.
Unidad subordinada Comisaría General de Exposiciones
Término indicativo de función/relación entidad responsable
9 (RLIN) 3633
710 2# - ENTRADA AGREGADA--NOMBRE DE ENTIDAD CORPORATIVA
Nombre de entidad corporativa o nombre de jurisdicción como elemento de entrada Fundación Rodríguez-Acosta
Término indicativo de función/relación entidad responsable
9 (RLIN) 4407
852 4# - LOCALIZACIÓN
Ubicación ES-MaACL
Sublocalización o colección R.75697
Ubicación en estantería Depósito 2
Número de control de estantería C-41272
942 ## - ELEMENTOS DE ENTRADA SECUNDARIOS (KOHA)
Tipo de ítem Koha Libro impreso
Suprimir en OPAC No
Holdings
Estatus retirado Estado de pérdida Estado de daño No para préstamo Biblioteca de origen Biblioteca actual Ubicación en estantería Fecha de adquisición Fuente de adquisición Total de préstamos Signatura topográfica completa Código de barras Visto por última vez Precio de reemplazo Tipo de ítem Koha
        Biblioteca del Ateneo de Madrid Biblioteca del Ateneo de Madrid Depósito 2 17/01/2008     C-41272 1064579 23/02/2023 23/02/2023 Libro impreso